000
00298nam a2200121Ia 4500
008
231120s2019 xx 000 0 und d
041
_a
eng
082
_a
743.4
100
_a
EDDIE ARMER
245
_a
BEGINNERS GUIDE TO LIFE DRAWING
260
_a
SEARCH PRESS
_b
SEARCH PRESS
_c
2019
300
_a
P-96
999
_c
933797
_d
933797